[Event "6ème Open de l'Ouest Toulousain - A"]
[Site "Fontenilles"]
[Date "2011.03.07"]
[Round "1.1"]
[White "Radulski, Julian"]
[Black "Frayssinet, Frank"]
[Result "1-0"]
[WhiteElo "2586"]
[BlackElo "1962"]
[PlyCount "65"]
[EventDate "2011.??.??"]

1. e4 e6 2. d4 d5 3. e5 c5 4. c3 Nc6 5. Nf3 Bd7 6. a3 f6 7. Bd3 Qb6 8. O-O fxe5
9. dxe5 Nh6 10. c4 d4 11. Qc2 Be7 12. Re1 O-O-O 13. Bg5 Rdf8 14. Bxe7 Nxe7 15.
Nbd2 Bc6 16. b4 Bxf3 17. Nxf3 Rxf3 18. gxf3 Nef5 19. Be4 d3 20. Qxd3 Rd8 21.
Qc3 Rd4 22. bxc5 Qxc5 23. Qb4 Qxb4 24. axb4 Rxc4 25. Rxa7 Rxb4 26. Ra8+ Kd7 27.
Rd1+ Nd4 28. Rh8 Nf7 29. Rxh7 Nxe5 30. Rxg7+ Kc8 31. Kg2 Ndc6 32. h4 b5 33. h5
1-0

[Event "6ème Open de l'Ouest Toulousain - A"]
[Site "Fontenilles"]
[Date "2011.03.07"]
[Round "1.2"]
[White "Ratsiambahotra, Tahiry"]
[Black "Solodovnichenko, Yuri"]
[Result "0-1"]
[WhiteElo "1961"]
[BlackElo "2577"]
[PlyCount "56"]
[EventDate "2011.??.??"]

1. c4 d6 2. Nc3 e5 3. d3 f5 4. g3 Nf6 5. Bg2 Be7 6. e3 O-O 7. Nge2 Qe8 8. Bd2
c6 9. Qc2 Na6 10. a3 Bd7 11. d4 Qf7 12. b3 Rae8 13. O-O Qh5 14. f3 Nc7 15. e4
fxe4 16. dxe5 exf3 17. Bxf3 Qxe5 18. Bf4 Qc5+ 19. Kh1 Ng4 20. Ne4 Qh5 21. Ng1
Ne6 22. Bxg4 Qxg4 23. Bxd6 Nd4 24. Qg2 c5 25. h3 Qg6 26. Rxf8+ Bxf8 27. Bxf8
Bc6 28. Kh2 Bxe4 0-1

[Event "6ème Open de l'Ouest Toulousain - A"]
[Site "Fontenilles"]
[Date "2011.03.07"]
[Round "1.3"]
[White "Kravtsiv, Martyn"]
[Black "Marty, Brice"]
[Result "1-0"]
[WhiteElo "2567"]
[BlackElo "1959"]
[PlyCount "69"]
[EventDate "2011.??.??"]

1. e4 c5 2. Nf3 Nc6 3. d4 cxd4 4. Nxd4 Nf6 5. Nc3 e5 6. Ndb5 d6 7. Bg5 a6 8.
Na3 b5 9. Nd5 Be7 10. Bxf6 Bxf6 11. c3 O-O 12. Nc2 Bg5 13. a4 bxa4 14. Rxa4 a5
15. Bc4 Be6 16. O-O Rb8 17. b3 Kh8 18. Nce3 g6 19. Kh1 Bxe3 20. Nxe3 Qc7 21.
Nd5 Qb7 22. Qd2 Bxd5 23. exd5 Nd8 24. Rfa1 f6 25. Rxa5 Rf7 26. h3 Rc7 27. Ra6
Nf7 28. Rc6 Ng5 29. Raa6 Ne4 30. Qe3 Nc5 31. Rxc7 Qxc7 32. Rc6 Qe7 33. b4 Nd7
34. Qa7 Rd8 35. Qc7 1-0

[Event "6ème Open de l'Ouest Toulousain - A"]
[Site "Fontenilles"]
[Date "2011.03.07"]
[Round "1.4"]
[White "Devecchi, Jorge"]
[Black "Jianu, Vlad-Cristian"]
[Result "0-1"]
[WhiteElo "1956"]
[BlackElo "2545"]
[PlyCount "82"]
[EventDate "2011.??.??"]

1. e4 c5 2. Nf3 d6 3. c3 Nf6 4. Be2 g6 5. O-O Bg7 6. Re1 O-O 7. Bf1 Nc6 8. h3
e5 9. d4 exd4 10. cxd4 cxd4 11. Nxd4 Re8 12. Nxc6 bxc6 13. Nc3 Be6 14. Bg5 h6
15. Bf4 d5 16. exd5 Nxd5 17. Nxd5 Bxd5 18. Rxe8+ Qxe8 19. Qd2 g5 20. Bc7 Qe6
21. a3 Re8 22. Ba5 g4 23. Re1 Qxe1 24. Qxe1 Rxe1 25. Bxe1 gxh3 26. gxh3 Bxb2
27. Bb4 Bd4 28. Bd3 Bb3 29. Bd2 Kg7 30. Be3 Bxe3 31. fxe3 Kf6 32. Kf2 c5 33.
Ke2 Kg5 34. Kd2 Be6 35. Bf1 Kh4 36. Kc3 h5 37. a4 Bxh3 38. Bc4 Be6 39. Bxe6
fxe6 40. Kc4 Kg4 41. Kxc5 h4 0-1

[Event "6ème Open de l'Ouest Toulousain - A"]
[Site "Fontenilles"]
[Date "2011.03.07"]
[Round "1.5"]
[White "Petrov, Marijan"]
[Black "Arcusa, Michel"]
[Result "1-0"]
[WhiteElo "2534"]
[BlackElo "1889"]
[PlyCount "55"]
[EventDate "2011.??.??"]

1. e4 c5 2. Nf3 e6 3. d4 cxd4 4. Nxd4 Nc6 5. Nc3 a6 6. f4 Qc7 7. Nf3 d6 8. Bd3
Nf6 9. O-O Be7 10. Qe1 O-O 11. e5 Nd7 12. exd6 Qxd6 13. Ne4 Qc7 14. c3 Rd8 15.
Be3 b6 16. Rd1 Bb7 17. Qg3 Nf6 18. Nfg5 Nd5 19. Nxh7 Nxe3 20. Qxe3 f5 21. Nhg5
Rxd3 22. Nf6+ Bxf6 23. Qxe6+ Kh8 24. Rxd3 Bxg5 25. fxg5 g6 26. Rh3+ Kg7 27.
Qf6+ Kg8 28. Rh8# 1-0

[Event "6ème Open de l'Ouest Toulousain - A"]
[Site "Fontenilles"]
[Date "2011.03.07"]
[Round "1.6"]
[White "Lafeuille, Bernard"]
[Black "Miron, Lucian-Costin"]
[Result "0-1"]
[WhiteElo "1886"]
[BlackElo "2501"]
[PlyCount "36"]
[EventDate "2011.??.??"]

1. Nc3 d5 2. e4 c6 3. Nf3 g6 4. e5 Bg7 5. d4 Bg4 6. h3 Bxf3 7. Qxf3 f6 8. Bf4
Nd7 9. Qg3 Qb6 10. O-O-O fxe5 11. dxe5 O-O-O 12. Rd3 Nc5 13. Rf3 Nh6 14. Bd3
Nxd3+ 15. Rxd3 Rhf8 16. Na4 Qb4 17. Bg5 Qxa4 18. Ra3 Qd4 0-1

[Event "6ème Open de l'Ouest Toulousain - A"]
[Site "Fontenilles"]
[Date "2011.03.07"]
[Round "1.7"]
[White "Sharapov, Evgeny"]
[Black "Anthoine-Milhomme, Jean-Pierre"]
[Result "1-0"]
[WhiteElo "2468"]
[BlackElo "1868"]
[PlyCount "51"]
[EventDate "2011.??.??"]

1. e4 c5 2. Nf3 d6 3. d4 cxd4 4. Nxd4 Nf6 5. Nc3 a6 6. g3 g6 7. Bg2 Bg7 8. O-O
O-O 9. a4 Bd7 10. a5 Nc6 11. Nb3 Qc8 12. Na4 Rb8 13. Nb6 Qc7 14. f4 Bg4 15. Qe1
Be6 16. Nd5 Bxd5 17. exd5 Na7 18. Qf2 Nb5 19. Ra4 Qd7 20. Rb4 e6 21. dxe6 fxe6
22. c4 Nc7 23. Rxb7 Rxb7 24. Bxb7 Rb8 25. Qa7 Re8 26. Qb6 1-0

[Event "6ème Open de l'Ouest Toulousain - A"]
[Site "Fontenilles"]
[Date "2011.03.07"]
[Round "1.8"]
[White "Planchon, Corinne"]
[Black "Touzane, Olivier"]
[Result "0-1"]
[WhiteElo "1859"]
[BlackElo "2294"]
[PlyCount "82"]
[EventDate "2011.??.??"]

1. e4 c5 2. Nf3 d6 3. d4 cxd4 4. Nxd4 Nf6 5. Nc3 a6 6. Be2 e6 7. Be3 Be7 8. O-O
O-O 9. f4 Nc6 10. Kh1 Nxd4 11. Bxd4 b5 12. a3 Bb7 13. Qd3 Qb8 14. Qg3 g6 15.
Bf3 Ne8 16. f5 Bf6 17. Bxf6 Nxf6 18. Rad1 e5 19. h4 Kg7 20. Qf2 Qc7 21. g4 h6
22. g5 hxg5 23. hxg5 Rh8+ 24. Kg2 Nh5 25. Bxh5 Rxh5 26. Qd2 Rah8 27. Rh1 gxf5
28. Rxh5 Rxh5 29. Qxd6 Qxd6 30. Rxd6 fxe4 31. Rb6 Rxg5+ 32. Kf2 e3+ 33. Kxe3
Rg3+ 34. Kf2 Rg2+ 35. Kf1 Bf3 36. Rxa6 Rxc2 37. Rb6 Rxb2 38. a4 b4 39. Nb5 Be2+
40. Ke1 Bxb5 41. Rxb5 Kf6 0-1

[Event "6ème Open de l'Ouest Toulousain - A"]
[Site "Fontenilles"]
[Date "2011.03.07"]
[Round "1.9"]
[White "Di Nicolantonio, Lucas"]
[Black "El Mchaouri Mas, Younes"]
[Result "1-0"]
[WhiteElo "2273"]
[BlackElo "1837"]
[PlyCount "35"]
[EventDate "2011.??.??"]

1. e4 c5 2. c3 d5 3. exd5 Qxd5 4. d4 Nf6 5. Nf3 Bg4 6. Be2 Bxf3 7. Bxf3 Qe6+ 8.
Be3 Nbd7 9. O-O cxd4 10. cxd4 Nd5 11. Nc3 N7b6 12. Rc1 a6 13. Nxd5 Nxd5 14. Qb3
Rd8 15. Qxb7 g6 16. Rc5 Nf6 17. Bc6+ Nd7 18. Rd5 1-0

[Event "6ème Open de l'Ouest Toulousain - A"]
[Site "Fontenilles"]
[Date "2011.03.07"]
[Round "1.10"]
[White "Andrianiaina, Patrick-Jocelyn"]
[Black "Bollengier, Andreea"]
[Result "0-1"]
[WhiteElo "1817"]
[BlackElo "2260"]
[PlyCount "60"]
[EventDate "2011.??.??"]

1. e4 e5 2. Nf3 Nc6 3. Bb5 a6 4. Ba4 Nf6 5. O-O d6 6. Re1 Bg4 7. c3 Be7 8. d3
O-O 9. Nbd2 b5 10. Bc2 Na5 11. b4 Nb7 12. h3 Bh5 13. Nf1 c5 14. Ng3 Bg6 15. a3
Re8 16. d4 exd4 17. cxd4 cxb4 18. axb4 d5 19. Bd2 dxe4 20. Nxe4 Nxe4 21. Bxe4
Bxe4 22. Rxe4 Nd6 23. Rg4 h5 24. Rg3 Ne4 25. Rxg7+ Kxg7 26. Ne5 Qxd4 27. Qxh5
Qxf2+ 28. Kh2 Bg5 29. Bxg5 Qg3+ 30. Kg1 Nxg5 0-1

[Event "6ème Open de l'Ouest Toulousain - A"]
[Site "Fontenilles"]
[Date "2011.03.07"]
[Round "1.11"]
[White "Brethes, Francois"]
[Black "Fahys, Bertrand"]
[Result "1-0"]
[WhiteElo "2236"]
[BlackElo "1817"]
[PlyCount "47"]
[EventDate "2011.??.??"]

1. d4 d5 2. c4 e6 3. Nc3 Nf6 4. Nf3 Nbd7 5. e3 b6 6. Bd3 Bb7 7. O-O Be7 8. b3
O-O 9. Bb2 c5 10. Rc1 cxd4 11. exd4 Qb8 12. Ne5 Nxe5 13. dxe5 Ne4 14. cxd5 Nxc3
15. Rxc3 g6 16. d6 Bg5 17. Bc1 Qd8 18. Qg4 Bxc1 19. Rfxc1 Rc8 20. Rxc8 Bxc8 21.
Rc7 a5 22. Bb5 f6 23. Qh4 h5 24. Qe4 1-0

[Event "6ème Open de l'Ouest Toulousain - A"]
[Site "Fontenilles"]
[Date "2011.03.07"]
[Round "1.12"]
[White "Crouzet, Emeric"]
[Black "Joie, Sebastien"]
[Result "0-1"]
[WhiteElo "1816"]
[BlackElo "2231"]
[PlyCount "42"]
[EventDate "2011.??.??"]

1. d4 d6 2. c4 e5 3. d5 g6 4. e4 Bg7 5. Be3 a5 6. Nc3 Na6 7. Qa4+ Bd7 8. Qb3 b6
9. f3 Bh6 10. Bf2 Nc5 11. Qc2 f5 12. Nge2 Nf6 13. Ng3 fxe4 14. Ncxe4 Ncxe4 15.
Nxe4 Nxe4 16. fxe4 Qg5 17. g3 O-O 18. Bg2 Qd2+ 19. Qxd2 Bxd2+ 20. Kxd2 Rxf2+
21. Ke3 Rxg2 0-1

[Event "6ème Open de l'Ouest Toulousain - A"]
[Site "Fontenilles"]
[Date "2011.03.08"]
[Round "2.1"]
[White "Joie, Sebastien"]
[Black "Radulski, Julian"]
[Result "1/2-1/2"]
[WhiteElo "2231"]
[BlackElo "2586"]
[PlyCount "109"]
[EventDate "2011.??.??"]

1. d4 d5 2. c4 e6 3. Nc3 Nf6 4. Nf3 Be7 5. Bf4 O-O 6. e3 c5 7. dxc5 Bxc5 8.
cxd5 Nxd5 9. Nxd5 exd5 10. a3 Nc6 11. Bd3 Bd6 12. Bxd6 Qxd6 13. O-O Qf6 14. Qd2
Rd8 15. Rfd1 Bg4 16. Be2 Rac8 17. Rac1 g6 18. h3 Be6 19. b4 a6 20. Qc3 Qxc3 21.
Rxc3 Nd4 22. Rxc8 Nxe2+ 23. Kf1 Ng3+ 24. fxg3 Rxc8 25. Ke2 Kf8 26. g4 Ke7 27.
Nd4 Kd6 28. Kd2 h5 29. gxh5 gxh5 30. Rf1 Rg8 31. Rf2 Ke5 32. Kd3 Rc8 33. Nf3+
Kd6 34. Kd2 a5 35. Ng5 axb4 36. axb4 Ke7 37. Kd3 Rc4 38. Rf4 Rc1 39. Nxe6 Kxe6
40. Rh4 Rd1+ 41. Kc3 Rg1 42. Rxh5 Rxg2 43. Rh6+ Ke5 44. Kd3 Ra2 45. Rb6 Ra3+
46. Kd2 Ra7 47. Kd3 f5 48. h4 Ra3+ 49. Kd2 Ra2+ 50. Kd3 Rh2 51. Rxb7 Rxh4 52.
b5 Rb4 53. Rb8 Kd6 54. Rf8 Rxb5 55. Rxf5 1/2-1/2

[Event "6ème Open de l'Ouest Toulousain - A"]
[Site "Fontenilles"]
[Date "2011.03.08"]
[Round "2.2"]
[White "Solodovnichenko, Yuri"]
[Black "Lacroix, Romain"]
[Result "1-0"]
[WhiteElo "2577"]
[BlackElo "2228"]
[PlyCount "57"]
[EventDate "2011.??.??"]

1. e4 d6 2. d4 Nf6 3. Nc3 Nbd7 4. f4 e5 5. Nf3 exd4 6. Qxd4 c6 7. Be3 d5 8.
exd5 Bc5 9. Qd3 Qe7 10. Kd2 Bxe3+ 11. Qxe3 Qxe3+ 12. Kxe3 cxd5 13. Kd4 O-O 14.
Bd3 b6 15. b4 Bb7 16. Rhe1 Rfe8 17. Rxe8+ Rxe8 18. Nb5 Nf8 19. f5 Ra8 20. Nd6
Bc6 21. Nxf7 a5 22. N7e5 Be8 23. b5 Rc8 24. Re1 Ne4 25. Nc6 Bxc6 26. bxc6 g6
27. g4 Nf6 28. Ne5 g5 29. Rb1 1-0

[Event "6ème Open de l'Ouest Toulousain - A"]
[Site "Fontenilles"]
[Date "2011.03.08"]
[Round "2.3"]
[White "Benmesbah, Natacha"]
[Black "Kravtsiv, Martyn"]
[Result "0-1"]
[WhiteElo "2204"]
[BlackElo "2567"]
[PlyCount "106"]
[EventDate "2011.??.??"]

1. e4 e5 2. Bc4 Nf6 3. d4 exd4 4. Nf3 Nc6 5. e5 d5 6. Bb5 Ne4 7. Nxd4 Bd7 8.
Bxc6 bxc6 9. O-O Bc5 10. f3 Ng5 11. Be3 Bb6 12. f4 Ne4 13. Nd2 Nxd2 14. Qxd2 c5
15. Nb3 d4 16. Bf2 Bc6 17. c4 Qd7 18. Qd3 Qg4 19. Qg3 Qf5 20. Rfe1 O-O-O 21. e6
fxe6 22. Re5 Qc2 23. Rc1 Qxb2 24. Qd3 Rhf8 25. Rc2 Qa3 26. Bh4 Rde8 27. Bg3 g6
28. Rce2 Bb7 29. Rxe6 Rxe6 30. Rxe6 Qxa2 31. Re2 Qa4 32. Nd2 Qd7 33. Nf3 a5 34.
Ne5 Qf5 35. Qa3 g5 36. Nd3 gxf4 37. Nxf4 Qb1+ 38. Re1 Qc2 39. Qc1 Qxc1 40. Rxc1
Re8 41. Bf2 Bc6 42. Kf1 a4 43. Ra1 Kd7 44. Nd3 Be4 45. Nb2 Ra8 46. Ra3 Bc2 47.
Ke2 Ba5 48. Nxa4 Re8+ 49. Kf1 Bb4 50. Ra1 Kc6 51. Nb2 d3 52. Nd1 d2 53. g3 Re1+
0-1

[Event "6ème Open de l'Ouest Toulousain - A"]
[Site "Fontenilles"]
[Date "2011.03.08"]
[Round "2.4"]
[White "Jianu, Vlad-Cristian"]
[Black "Iagar, Razvan-Gabriel"]
[Result "1-0"]
[WhiteElo "2545"]
[BlackElo "2125"]
[PlyCount "65"]
[EventDate "2011.??.??"]

1. d4 f5 2. c4 Nf6 3. Nf3 g6 4. g3 Bg7 5. b4 O-O 6. Bb2 d6 7. Bg2 c6 8. O-O Qe8
9. Nbd2 a5 10. a3 axb4 11. axb4 Na6 12. Qb3 Bd7 13. Rfe1 Nc7 14. Rac1 Nh5 15.
e4 f4 16. e5 Qc8 17. Ne4 Ne8 18. d5 dxe5 19. Nxe5 Nd6 20. dxc6 bxc6 21. Ng5
Bxe5 22. Rxe5 Nf7 23. c5 e6 24. Nxe6 Nxe5 25. Nxf8+ Kxf8 26. Bxe5 fxg3 27. hxg3
Ra7 28. Re1 Be8 29. Qe3 Kg8 30. Bb2 Bd7 31. Bf1 Bf5 32. Bc4+ Kf8 33. Qe5 1-0

[Event "6ème Open de l'Ouest Toulousain - A"]
[Site "Fontenilles"]
[Date "2011.03.08"]
[Round "2.5"]
[White "Zarrouati, Pierre"]
[Black "Petrov, Marijan"]
[Result "0-1"]
[WhiteElo "2155"]
[BlackElo "2534"]
[PlyCount "116"]
[EventDate "2011.??.??"]

1. c4 g6 2. Nc3 Bg7 3. g3 e5 4. Bg2 d6 5. d3 f5 6. Bd2 Nf6 7. Qc1 h6 8. e4 Nc6
9. Nd5 g5 10. Ne2 f4 11. Bc3 O-O 12. f3 Ne7 13. Nxf6+ Bxf6 14. d4 c5 15. dxc5
dxc5 16. Qd2 Be6 17. Qxd8 Raxd8 18. b3 Rd3 19. Rd1 Rfd8 20. Rxd3 Rxd3 21. Bb2
Ng6 22. Nc1 Rd7 23. Ke2 h5 24. Rd1 fxg3 25. hxg3 Rxd1 26. Kxd1 h4 27. gxh4 Nxh4
28. Bh1 b6 29. Nd3 Ng6 30. Nf2 Kf7 31. Ke1 Nf4 32. Kf1 a6 33. Ba3 Be7 34. Ke1
b5 35. cxb5 axb5 36. Bb2 Bd6 37. Kd2 c4 38. bxc4 Bxc4 39. a3 Ke6 40. Ng4 Nd3
41. Kc2 Bc5 42. Nh6 Nxb2 43. Kxb2 Kd6 44. Bg2 Kc6 45. Bh3 Kb6 46. Nf5 Ka5 47.
Ng7 Ka4 48. Ne6 Bxa3+ 49. Kc2 Be7 50. Nc7 Ka3 51. Nd5 Bc5 52. Nc3 b4 53. Nb1+
Ka2 54. Nd2 Bf7 55. Bf1 b3+ 56. Kd1 Bb4 57. Bd3 Bxd2 58. Kxd2 b2 0-1

[Event "6ème Open de l'Ouest Toulousain - A"]
[Site "Fontenilles"]
[Date "2011.03.08"]
[Round "2.6"]
[White "Miron, Lucian-Costin"]
[Black "Garrel, Alain"]
[Result "1-0"]
[WhiteElo "2501"]
[BlackElo "2081"]
[PlyCount "61"]
[EventDate "2011.??.??"]

1. d4 Nf6 2. c4 d6 3. Nf3 Nbd7 4. Nc3 e5 5. e4 Be7 6. g3 O-O 7. Bg2 c6 8. O-O
a5 9. Re1 exd4 10. Nxd4 Nc5 11. h3 a4 12. Rb1 Re8 13. b4 axb3 14. axb3 Bd7 15.
b4 Na6 16. b5 cxb5 17. Ndxb5 Qc8 18. Na4 Qd8 19. Be3 Bc6 20. Nb6 Rb8 21. Nd5
Nxd5 22. cxd5 Bxb5 23. Rxb5 Nc7 24. Rb6 Na8 25. Rb4 b5 26. Qb3 Nc7 27. Rc1 Qd7
28. Rc6 Rec8 29. Kh2 h6 30. h4 Kh7 31. Bh3 1-0

[Event "6ème Open de l'Ouest Toulousain - A"]
[Site "Fontenilles"]
[Date "2011.03.08"]
[Round "2.7"]
[White "Levieux, Pascal"]
[Black "Sharapov, Evgeny"]
[Result "0-1"]
[WhiteElo "2104"]
[BlackElo "2468"]
[PlyCount "60"]
[EventDate "2011.??.??"]

1. d4 Nf6 2. c4 c5 3. Nf3 cxd4 4. Nxd4 e6 5. g3 Nc6 6. Bg2 Bb4+ 7. Bd2 Qb6 8.
Nb3 a5 9. O-O a4 10. Nc1 Ne5 11. Be3 Bc5 12. Bxc5 Qxc5 13. Nd3 Qd4 14. Nc3 Nxc4
15. Nxa4 d5 16. e3 Nxe3 17. fxe3 Qxa4 18. b3 Qa7 19. Qd2 Ng4 20. Rf3 O-O 21. h3
Nh6 22. g4 f6 23. Rf4 Bd7 24. a4 Nf7 25. Kh1 Rac8 26. Rb4 Qa5 27. Rd1 Rc7 28.
Nf4 Rfc8 29. Qd4 e5 30. Qxd5 Qxb4 0-1

[Event "6ème Open de l'Ouest Toulousain - A"]
[Site "Fontenilles"]
[Date "2011.03.08"]
[Round "2.8"]
[White "Touzane, Olivier"]
[Black "Fillon, Damien"]
[Result "1-0"]
[WhiteElo "2294"]
[BlackElo "2055"]
[PlyCount "57"]
[EventDate "2011.??.??"]

1. d4 e6 2. g3 f5 3. Bg2 Nf6 4. Nd2 d5 5. Nh3 c5 6. dxc5 Bxc5 7. O-O Nc6 8. c4
dxc4 9. Qa4 O-O 10. Qxc4 Qe7 11. Nb3 Bb6 12. a4 Qb4 13. Qxb4 Nxb4 14. a5 Bc7
15. Bf4 Bxf4 16. Nxf4 e5 17. Ra4 Nc6 18. Nd5 e4 19. Nc3 Rb8 20. f3 exf3 21.
exf3 Be6 22. Nc5 Bf7 23. f4 Rfd8 24. a6 b5 25. Raa1 Nb4 26. Rfd1 Nbd5 27. Nb7
Nxc3 28. Rxd8+ Rxd8 29. Nxd8 1-0

[Event "6ème Open de l'Ouest Toulousain - A"]
[Site "Fontenilles"]
[Date "2011.03.08"]
[Round "2.9"]
[White "Gelas, Christophe"]
[Black "Di Nicolantonio, Lucas"]
[Result "0-1"]
[WhiteElo "2047"]
[BlackElo "2273"]
[PlyCount "52"]
[EventDate "2011.??.??"]

1. d4 Nf6 2. c4 e6 3. Nf3 d5 4. Nc3 c6 5. e3 Nbd7 6. Bd3 dxc4 7. Bxc4 b5 8. Bd3
Bb7 9. O-O a6 10. e4 c5 11. d5 Qc7 12. dxe6 fxe6 13. e5 Nxe5 14. Nxe5 Qxe5 15.
Re1 Qd6 16. Qb3 O-O-O 17. Bxb5 Ng4 18. g3 axb5 19. Rxe6 c4 20. Rxd6 cxb3 21.
Rxd8+ Kxd8 22. Bg5+ Ke8 23. Nxb5 Bc5 24. axb3 Bxf2+ 25. Kf1 Bc5 26. h3 Rf8+ 0-1

[Event "6ème Open de l'Ouest Toulousain - A"]
[Site "Fontenilles"]
[Date "2011.03.08"]
[Round "2.10"]
[White "Bollengier, Andreea"]
[Black "Boukhris-Ferre, Yacine"]
[Result "1/2-1/2"]
[WhiteElo "2260"]
[BlackElo "2040"]
[PlyCount "57"]
[EventDate "2011.??.??"]

1. e4 e6 2. d4 d5 3. Nd2 Nc6 4. Ngf3 Nf6 5. e5 Nd7 6. Bd3 Nb4 7. O-O c5 8. dxc5
Nxc5 9. Be2 Qc7 10. c4 Nc6 11. cxd5 exd5 12. a3 a5 13. Nb3 Be6 14. Nbd4 Be7 15.
Be3 O-O 16. Rc1 Ne4 17. Nxe6 fxe6 18. Bb5 Rac8 19. Qe2 Qb8 20. Bxc6 bxc6 21.
Nd4 Qxe5 22. Nxc6 Rxc6 23. Rxc6 d4 24. Bd2 Qd5 25. Rcc1 d3 26. Qe1 Bh4 27. g3
Bg5 28. f4 Bf6 29. Rd1 1/2-1/2

[Event "6ème Open de l'Ouest Toulousain - A"]
[Site "Fontenilles"]
[Date "2011.03.08"]
[Round "3.1"]
[White "Sharapov, Evgeny"]
[Black "Solodovnichenko, Yuri"]
[Result "1/2-1/2"]
[WhiteElo "2468"]
[BlackElo "2577"]
[PlyCount "100"]
[EventDate "2011.??.??"]

1. e4 c5 2. Nf3 e6 3. d4 cxd4 4. Nxd4 Nc6 5. Nb5 d6 6. Bf4 e5 7. Be3 Nf6 8. Bg5
Be6 9. Bxf6 gxf6 10. Nd2 a6 11. Nc3 f5 12. Bc4 fxe4 13. Bxe6 fxe6 14. Qh5+ Kd7
15. Ndxe4 Kc7 16. Ng5 Qe8 17. Qg4 Nd4 18. O-O-O Bh6 19. f4 Bxg5 20. Qxg5 Rg8
21. Qh6 Rxg2 22. Qxh7+ Qd7 23. Qxd7+ Kxd7 24. fxe5 dxe5 25. Rd2 Rxd2 26. Kxd2
Rh8 27. h3 Rh4 28. Kd3 Ke7 29. Nd1 Nf5 30. Nf2 Rd4+ 31. Kc3 b5 32. a3 a5 33.
Ng4 Kd6 34. Re1 e4 35. b3 b4+ 36. axb4 axb4+ 37. Kb2 Nh4 38. c3 Rd2+ 39. Kc1
bxc3 40. Rxe4 Nf5 41. Rc4 Rd3 42. Nf2 Rf3 43. Ne4+ Ke5 44. Nxc3 Nd4 45. b4 Rxh3
46. b5 Rxc3+ 47. Rxc3 Ne2+ 48. Kc2 Nxc3 49. Kxc3 Kd5 50. b6 Kc6 1/2-1/2

[Event "6ème Open de l'Ouest Toulousain - A"]
[Site "Fontenilles"]
[Date "2011.03.08"]
[Round "3.2"]
[White "Kravtsiv, Martyn"]
[Black "Miron, Lucian-Costin"]
[Result "1/2-1/2"]
[WhiteElo "2567"]
[BlackElo "2501"]
[PlyCount "47"]
[EventDate "2011.??.??"]

1. e4 e5 2. Nf3 Nc6 3. Bb5 a6 4. Ba4 Nf6 5. O-O Be7 6. Re1 b5 7. Bb3 d6 8. c3
O-O 9. h3 Nb8 10. d4 Nbd7 11. Nbd2 Bb7 12. Bc2 Re8 13. a4 Bf8 14. Bd3 c6 15. b3
g6 16. Bb2 Nh5 17. Qc2 exd4 18. cxd4 Rc8 19. Bf1 d5 20. exd5 cxd5 21. Rxe8 Qxe8
22. Qd1 b4 23. Rc1 Nf4 24. Rxc8 1/2-1/2

[Event "6ème Open de l'Ouest Toulousain - A"]
[Site "Fontenilles"]
[Date "2011.03.08"]
[Round "3.3"]
[White "Di Nicolantonio, Lucas"]
[Black "Jianu, Vlad-Cristian"]
[Result "1/2-1/2"]
[WhiteElo "2273"]
[BlackElo "2545"]
[PlyCount "130"]
[EventDate "2011.??.??"]

1. e4 c5 2. c3 Nf6 3. e5 Nd5 4. d4 cxd4 5. Nf3 e6 6. cxd4 d6 7. Bc4 Nc6 8. O-O
Be7 9. Qe2 O-O 10. Rd1 Bd7 11. Nc3 Nxc3 12. bxc3 dxe5 13. dxe5 Qc7 14. Qe4 Rfd8
15. h4 Be8 16. Bg5 Rxd1+ 17. Rxd1 Rd8 18. Rxd8 Qxd8 19. Bxe7 Qxe7 20. Bd3 g6
21. Qf4 Qa3 22. h5 Qxc3 23. Be4 Qa1+ 24. Kh2 Qxa2 25. Ng5 Qe2 26. f3 h6 27.
Nxf7 Bxf7 28. hxg6 Bxg6 29. Qg3 Ne7 30. Bxg6 Qe3 31. Be4+ Kf7 32. Qg4 b5 33.
Qh5+ Kf8 34. Qg4 Nf5 35. Qg6 Qf4+ 36. g3 Qxe5 37. Bxf5 Qxf5 38. Qxh6+ Kg8 39.
Qe3 a5 40. g4 Qd5 41. Kg3 b4 42. Qb6 b3 43. Qb8+ Kf7 44. Qc7+ Kg6 45. Qb8 Kg7
46. Qc7+ Kf6 47. f4 a4 48. g5+ Kg6 49. Qe7 Qd3+ 50. Kh4 Qf5 51. Qe8+ Kg7 52.
Qd7+ Qf7 53. Qxa4 e5 54. f5 Qxf5 55. Qxb3 Qf4+ 56. Kh5 e4 57. Qb7+ Kg8 58. Qc8+
Kg7 59. Qb7+ Kg8 60. Qc8+ Kg7 61. Qb7+ Qf7+ 62. Qxf7+ Kxf7 63. Kg4 Kg6 64. Kf4
e3 65. Kxe3 Kxg5 1/2-1/2

[Event "6ème Open de l'Ouest Toulousain - A"]
[Site "Fontenilles"]
[Date "2011.03.08"]
[Round "3.4"]
[White "Petrov, Marijan"]
[Black "Touzane, Olivier"]
[Result "1/2-1/2"]
[WhiteElo "2534"]
[BlackElo "2294"]
[PlyCount "79"]
[EventDate "2011.??.??"]

1. e4 c5 2. Nf3 d6 3. d4 cxd4 4. Nxd4 Nf6 5. Nc3 a6 6. f4 e5 7. Nf3 Qc7 8. a4
Be7 9. Bd3 O-O 10. O-O Be6 11. Kh1 exf4 12. Bxf4 Nbd7 13. Nd4 Ne5 14. Bg5 Nfg4
15. Qd2 Bxg5 16. Qxg5 Qc5 17. Nf5 Bxf5 18. exf5 Nf2+ 19. Rxf2 Qxf2 20. Rf1 f6
21. Qxg7+ Kxg7 22. Rxf2 Nxd3 23. cxd3 Rfe8 24. h3 Re3 25. d4 Rd3 26. Rf4 h5 27.
Re4 Kf7 28. Nd5 Re8 29. Rh4 Rg8 30. Re4 Rd1+ 31. Kh2 Rd2 32. Nf4 Rg5 33. d5
Rxf5 34. Rb4 b5 35. axb5 axb5 36. Kg3 Kg7 37. Rxb5 h4+ 38. Kg4 Rg5+ 39. Kf3 Rf5
40. Kg4 1/2-1/2

[Event "6ème Open de l'Ouest Toulousain - A"]
[Site "Fontenilles"]
[Date "2011.03.08"]
[Round "3.5"]
[White "Radulski, Julian"]
[Black "Malka, Samuel"]
[Result "1-0"]
[WhiteElo "2586"]
[BlackElo "2015"]
[PlyCount "67"]
[EventDate "2011.??.??"]

1. e4 c5 2. Nf3 d6 3. d4 cxd4 4. Nxd4 Nf6 5. Nc3 g6 6. Be2 Bg7 7. O-O Nc6 8.
Be3 O-O 9. Nb3 Be6 10. f4 Qc8 11. h3 Rd8 12. Qd2 d5 13. e5 Ne4 14. Nxe4 dxe4
15. Qc3 b6 16. Rad1 Qb7 17. Bb5 Rdc8 18. Qe1 Rd8 19. Qe2 Nb4 20. Nd4 Bd5 21. c4
a6 22. cxd5 axb5 23. Qxb5 Nxd5 24. Nc6 Rdc8 25. Rxd5 Rxc6 26. Rfd1 h5 27. Rd7
Rc7 28. Rd8+ Kh7 29. Qe8 Rxd8 30. Rxd8 Qa6 31. Qg8+ Kh6 32. f5+ g5 33. h4 f6
34. Qf7 1-0

[Event "6ème Open de l'Ouest Toulousain - A"]
[Site "Fontenilles"]
[Date "2011.03.08"]
[Round "3.6"]
[White "Woloszyn, Florent"]
[Black "Bollengier, Andreea"]
[Result "1/2-1/2"]
[WhiteElo "1997"]
[BlackElo "2260"]
[PlyCount "137"]
[EventDate "2011.??.??"]

1. d4 Nf6 2. Nf3 e6 3. Bg5 c5 4. e3 h6 5. Bh4 b6 6. Bd3 Bb7 7. O-O Be7 8. Nbd2
d6 9. Qe2 Nbd7 10. Rfd1 O-O 11. c3 Re8 12. Rac1 Rc8 13. h3 Qc7 14. Bg3 Bf8 15.
Bb1 c4 16. e4 e5 17. d5 b5 18. Nh2 g6 19. Ng4 Nh5 20. Qe3 Kh7 21. Qf3 Bg7 22.
Bh2 Nc5 23. Ne3 Nf6 24. g4 Na4 25. Rc2 Qe7 26. Ndf1 Rc7 27. Rdc1 Nc5 28. Rd2
Kh8 29. Qg2 Nh7 30. f3 Bf6 31. Rcd1 Bg5 32. Re2 Bc8 33. Qf2 Nf8 34. Ng2 Qf6 35.
Bg3 Bf4 36. Bh4 g5 37. Bg3 Ng6 38. Nfe3 Bxe3 39. Qxe3 Nf4 40. Bxf4 exf4 41. Qd4
Re5 42. Ne1 Kg7 43. Qd2 h5 44. Nc2 Bd7 45. Nd4 Rc8 46. Rh2 Rh8 47. Bc2 Ree8 48.
Re1 a6 49. Ree2 Kf8 50. Kf1 Bc8 51. Qe1 Nd7 52. Nf5 Ne5 53. Nd4 Bd7 54. Reg2
Ke7 55. Qf2 Rh7 56. a3 Reh8 57. Kg1 Rh6 58. Bb1 R8h7 59. Qe2 Qh8 60. Bc2 hxg4
61. hxg4 Rh3 62. Qf2 R7h4 63. Rxh3 Rxh3 64. Rh2 Qh7 65. Bb1 Kf6 66. Kh1 Rxh2+
67. Qxh2 Qxh2+ 68. Kxh2 Ng6 69. Kg2 1/2-1/2

[Event "6ème Open de l'Ouest Toulousain - A"]
[Site "Fontenilles"]
[Date "2011.03.08"]
[Round "3.7"]
[White "Brethes, Francois"]
[Black "Joie, Sebastien"]
[Result "0-1"]
[WhiteElo "2236"]
[BlackElo "2231"]
[PlyCount "102"]
[EventDate "2011.??.??"]

1. d4 Nf6 2. c4 g6 3. Nc3 Bg7 4. e4 d6 5. Be2 O-O 6. Nf3 Na6 7. O-O e5 8. Be3
Ng4 9. Bg5 Qe8 10. Qd2 exd4 11. Nxd4 Nxh2 12. Kxh2 Qe5+ 13. f4 Qxd4 14. Qe1 Qb6
15. Nd5 Qxb2 16. e5 dxe5 17. Nf6+ Bxf6 18. Bxf6 Re8 19. Rb1 Qa3 20. fxe5 Qe3
21. Rb3 Qh6+ 22. Kg3 Rxe5 23. Bxe5 Qg5+ 24. Bg4 Qxg4+ 25. Kh2 Qh5+ 26. Kg1 Bg4
27. Bb2 Qc5+ 28. Rf2 Rd8 29. Qc3 Rd1+ 30. Kh2 Qd6+ 31. g3 f6 32. Qxf6 Qxf6 33.
Bxf6 Nc5 34. Re3 Bf5 35. Bg5 Ne4 36. Rxe4 Bxe4 37. g4 h6 38. Be7 g5 39. Rf8+
Kg7 40. Rc8 Rd2+ 41. Kg1 Rg2+ 42. Kf1 Rxg4 43. Rxc7 Rf4+ 44. Ke2 Rf7 45. Ke3
Bc6 46. Kd4 g4 47. Ke5 Kg6 48. Ke6 g3 49. Rc8 Rxe7+ 50. Kxe7 g2 51. Ke6 Kg5 0-1